| 000 | 00526nam a2200193 a 4500 | ||
|---|---|---|---|
| 005 | 20220622063512.0 | ||
| 008 | 991125s1986 mad 000 0 spa u | ||
| 020 | _a8459916170 | ||
| 035 | _aUPN01000043181 | ||
| 049 | _aI | ||
| 050 | 4 | _aPZ8.21 D3.88 | |
| 100 | 1 | _aDabcovich, Lydia | |
| 245 | 1 | 3 |
_aEl oso dormilón / _ctr. Ma. Elena Walsh |
| 260 |
_aMadrid : _bOrbis, _c1986 |
||
| 300 |
_a31 p. : _bil |
||
| 440 | 0 |
_aVeo-veo : mi primera biblioteca; _v64 |
|
| 650 | 0 |
_aAnimales _vCuentos y leyendas _9234 |
|
| 905 | _aInfantil | ||
| 999 |
_c43181 _d43181 |
||